000 00458nam a2200181Ia 4500
001 14884
005 20260306164947.0
008 260306t2006||||xx |||||||||||||| ||spa||
041 _aESP
082 _a519.5
_bK29 2006
100 _aKazmier, Leonard J.
_eAUT
245 0 _aEstadística aplicada a administración y economía
260 _c2006
300 _axiv, 406 páginas :
_c27 cm.
650 _aGEN
654 _aCMA
942 _cLIB
_dJUS
_fJUS
_2ddc
_n
999 _c14884
_d14884